[Event "Offene Hessische Senioren Einzelmeisters"]
[Site "Bad Sooden- Allendorf"]
[Date "2013.04.20"]
[Round "1.1"]
[White "Piankov, Evgenij"]
[Black "Johannsen, Ingbert"]
[Result "1-0"]
[WhiteElo "2259"]
[BlackElo "1708"]
[PlyCount "97"]
[EventDate "2013.??.??"]
[BlackTeam "SG Witten"]

1. d4 d5 2. Bg5 Nf6 3. Bxf6 exf6 4. e3 Bd6 5. c4 dxc4 6. Bxc4 O-O 7. Nc3 c6 8.
Nge2 Nd7 9. O-O Nb6 10. Bd3 Be6 11. Qc2 h6 12. Rfd1 Re8 13. Ng3 Bxg3 14. hxg3
Qe7 15. Rac1 Red8 16. Bh7+ Kh8 17. Bf5 Bxf5 18. Qxf5 Qb4 19. Qc2 f5 20. Qxf5
Qxb2 21. Rc2 Qa3 22. Qxf7 Rd7 23. Qf5 Rf8 24. Qd3 Rdf7 25. e4 Qa5 26. d5 cxd5
27. Nxd5 Nxd5 28. Qxd5 Qb6 29. Qd4 Qg6 30. Re2 Qg4 31. Rde1 b6 32. Qd6 Re8 33.
e5 Rd7 34. Qc6 Ree7 35. e6 Rc7 36. Qd6 Qg5 37. Re5 Qf6 38. R5e3 Kh7 39. Rf3 Qb2
40. a3 Qa2 41. Qd3+ Kg8 42. Qg6 Qd2 43. Qe4 Qa2 44. Rd3 Rc8 45. Rd7 Qxa3 46.
Red1 Rce8 47. Rd8 Qc5 48. Qg6 Qb5 49. R1d7 1-0

[Event "Offene Hessische Senioren Einzelmeisters"]
[Site "Bad Sooden- Allendorf"]
[Date "2013.04.20"]
[Round "1.2"]
[White "Ophoff, Rigobert"]
[Black "Baum, Bernd"]
[Result "0-1"]
[WhiteElo "1706"]
[BlackElo "2232"]
[PlyCount "46"]
[EventDate "2013.??.??"]
[WhiteTeam "Rhedaer SV von 1931 e."]
[BlackTeam "SV Empor Erfurt"]

1. d4 Nf6 2. c4 e6 3. Nc3 d5 4. Nf3 c6 5. e3 Nbd7 6. Bd3 dxc4 7. Bxc4 b5 8. Bd3
Bd6 9. O-O O-O 10. Qc2 Bb7 11. e4 e5 12. dxe5 Nxe5 13. Nxe5 Bxe5 14. h3 h6 15.
Be3 Re8 16. f3 Nh5 17. Rad1 Qf6 18. Rf2 Nf4 19. Bf1 Qg5 20. Bxf4 Bxf4 21. Re2
Qg3 22. Ree1 Qh2+ 23. Kf2 Bg3+ 0-1

[Event "Offene Hessische Senioren Einzelmeisters"]
[Site "Bad Sooden- Allendorf"]
[Date "2013.04.20"]
[Round "1.3"]
[White "Vogel, Jaap"]
[Black "Bendisch, Dr. Jürgen"]
[Result "1-0"]
[WhiteElo "2193"]
[BlackElo "1701"]
[PlyCount "95"]
[EventDate "2013.??.??"]
[BlackTeam "SV Hennef 1927 e.V."]

1. d4 d5 2. Nf3 c6 3. c4 Nf6 4. e3 a6 5. Nc3 Nbd7 6. Qc2 e6 7. b3 Bd6 8. Bb2 h6
9. Be2 Qe7 10. O-O O-O 11. e4 dxe4 12. Nxe4 Nxe4 13. Qxe4 Nf6 14. Qe3 c5 15.
Ne5 Ne8 16. Bf3 Rb8 17. Rad1 Qc7 18. h3 Bxe5 19. dxe5 b6 20. Rd2 Bb7 21. Rfd1
Bxf3 22. Qxf3 Qb7 23. Qe3 Qc6 24. Rd7 Rb7 25. Qd3 Nc7 26. Rd6 Qe8 27. Qf3 Qc8
28. Rd7 Rb8 29. Qc6 Na8 30. Qd6 Qe8 31. Bc1 Qc8 32. Be3 Kh7 33. h4 Qe8 34. a3
a5 35. a4 Rg8 36. Kf1 Rf8 37. g4 Rc8 38. Ke2 Kg8 39. h5 Kh8 40. Rd3 Kh7 41. Kd2
f5 42. Re7 Qc6 43. Qxc6 Rxc6 44. Rdd7 Rg8 45. gxf5 exf5 46. e6 Rgc8 47. Bf4 Kh8
48. Be5 1-0

[Event "Offene Hessische Senioren Einzelmeisters"]
[Site "Bad Sooden- Allendorf"]
[Date "2013.04.20"]
[Round "1.4"]
[White "Geisler, Reinhard"]
[Black "van den Berg, Ad"]
[Result "1/2-1/2"]
[WhiteElo "1697"]
[BlackElo "2188"]
[PlyCount "55"]
[EventDate "2013.??.??"]
[WhiteTeam "SK Werther 1949 e.V."]
[BlackTeam "Aas Aalsmeer"]

1. Nf3 c5 2. c4 g6 3. g3 Bg7 4. Bg2 Nc6 5. Nc3 e5 6. O-O Nge7 7. Ne1 O-O 8. Nc2
d6 9. Ne3 f5 10. d3 h6 11. Ned5 g5 12. e3 Rb8 13. Rb1 a6 14. a3 b5 15. b4 cxb4
16. axb4 Be6 17. cxb5 axb5 18. Bd2 Nxd5 19. Bxd5 Bxd5 20. Nxd5 Kh8 21. Qb3 Qd7
22. f4 exf4 23. gxf4 g4 24. Rbc1 Rfc8 25. Bc3 Nd8 26. Nf6 Qe6 27. Nd5 Bxc3 28.
Rxc3 1/2-1/2

[Event "Offene Hessische Senioren Einzelmeisters"]
[Site "Bad Sooden- Allendorf"]
[Date "2013.04.20"]
[Round "1.5"]
[White "Ackermann, Hans Werner"]
[Black "Paulsen, Eckart"]
[Result "1-0"]
[WhiteElo "2175"]
[BlackElo "1696"]
[PlyCount "69"]
[EventDate "2013.??.??"]
[WhiteTeam "SC Hansa Dortmund e.V."]
[BlackTeam "Post SV Neustadt"]

1. e4 d6 2. d4 Nf6 3. Nc3 e5 4. dxe5 dxe5 5. Qxd8+ Kxd8 6. Bg5 Be6 7. O-O-O+
Bd6 8. f4 Ke8 9. f5 Bd7 10. Bxf6 gxf6 11. Nd5 Nc6 12. Nxf6+ Ke7 13. Nd5+ Ke8
14. Nf3 a5 15. Bb5 Rd8 16. c3 Nb8 17. Nf6+ Ke7 18. Nxd7 Nxd7 19. Bxd7 Rxd7 20.
g4 f6 21. h4 h6 22. g5 hxg5 23. hxg5 Rxh1 24. Rxh1 fxg5 25. Rh7+ Ke8 26. Rxd7
Kxd7 27. Nxg5 Be7 28. Ne6 c5 29. c4 a4 30. Kc2 Kc6 31. Kd3 b5 32. cxb5+ Kxb5
33. Nc7+ Kc6 34. Nd5 Bd6 35. Kc4 1-0

[Event "Offene Hessische Senioren Einzelmeisters"]
[Site "Bad Sooden- Allendorf"]
[Date "2013.04.20"]
[Round "1.6"]
[White "Mayeres, Hans-Christian"]
[Black "Ljubarskij, Juri"]
[Result "0-1"]
[WhiteElo "1690"]
[BlackElo "2174"]
[PlyCount "70"]
[EventDate "2013.??.??"]
[WhiteTeam "SK Recklinghausen Altsta"]
[BlackTeam "Hannover 96 Schach"]

1. c4 e5 2. Nc3 f5 3. g3 Nf6 4. Bg2 Nc6 5. d3 Be7 6. e4 d6 7. f4 O-O 8. Nf3
fxe4 9. dxe4 Qe8 10. Nd5 Bd8 11. Nxf6+ Bxf6 12. f5 Nd4 13. O-O c5 14. Be3 Bd7
15. g4 Bc6 16. g5 Be7 17. Nh4 b5 18. b3 bxc4 19. bxc4 Ba4 20. Qd2 Qh5 21. Bxd4
Bxg5 22. Qa5 cxd4 23. Qxa4 Qxh4 24. Rf3 Be3+ 25. Kh1 Qe7 26. Qc6 Rac8 27. Qd5+
Kh8 28. Rb1 Rb8 29. Rff1 Bf4 30. Rxb8 Rxb8 31. h3 h6 32. Rxf4 exf4 33. Qxd4
Rb1+ 34. Kh2 Qh4 35. Qc3 Qf2 0-1

[Event "Offene Hessische Senioren Einzelmeisters"]
[Site "Bad Sooden- Allendorf"]
[Date "2013.04.20"]
[Round "1.7"]
[White "Ghijsen, Pim"]
[Black "Scholze, Roland"]
[Result "1-0"]
[WhiteElo "2161"]
[BlackElo "1686"]
[PlyCount "29"]
[EventDate "2013.??.??"]
[WhiteTeam "VAS Amsterdam"]
[BlackTeam "SV Lok Dresden"]

1. d4 e6 2. Nf3 b6 3. e4 Bb7 4. Bd3 c5 5. c3 cxd4 6. cxd4 Nf6 7. Nc3 Bb4 8. Qe2
O-O 9. O-O a6 10. e5 Nd5 11. Bxh7+ Kh8 12. Bc2 f5 13. exf6 Qxf6 14. Ne5 Nf4 15.
Bxf4 1-0

[Event "Offene Hessische Senioren Einzelmeisters"]
[Site "Bad Sooden- Allendorf"]
[Date "2013.04.20"]
[Round "1.8"]
[White "Smits, Oswald"]
[Black "Lindner, Jan-Joost"]
[Result "0-1"]
[WhiteElo "1678"]
[BlackElo "2159"]
[PlyCount "66"]
[EventDate "2013.??.??"]
[WhiteTeam "Sfr. Taunus Königstein/Schwalbac"]
[BlackTeam "DD Den Haag"]

1. d4 e6 2. Nf3 f5 3. g3 Nf6 4. Bg2 Be7 5. O-O O-O 6. Nc3 d6 7. Re1 Ne4 8. Qd3
d5 9. a3 b6 10. Bf4 Ba6 11. Qe3 c5 12. Nxe4 dxe4 13. Ng5 Bxg5 14. Bxg5 cxd4 15.
Qd2 Qd7 16. c3 Nc6 17. Qc2 h6 18. Bd2 Bxe2 19. Qc1 d3 20. b3 Qf7 21. Qb2 Rad8
22. Be3 Qh5 23. Qd2 Ne5 24. Qc1 Nf3+ 25. Bxf3 Bxf3 26. h4 g5 27. Bxg5 hxg5 28.
Kh2 d2 29. Qc2 gxh4 30. g4 fxg4 31. Rg1 Qe5+ 32. Rg3 d1=Q 33. Qxd1 Rxd1 0-1

[Event "Offene Hessische Senioren Einzelmeisters"]
[Site "Bad Sooden- Allendorf"]
[Date "2013.04.20"]
[Round "1.9"]
[White "Rahls, Peter"]
[Black "Becker, Günter"]
[Result "1-0"]
[WhiteElo "2151"]
[BlackElo "1674"]
[PlyCount "35"]
[EventDate "2013.??.??"]
[WhiteTeam "SK Zehlendorf e.V."]
[BlackTeam "SC Steinbach"]

1. e4 c6 2. c4 d5 3. cxd5 cxd5 4. exd5 Nf6 5. Bb5+ Bd7 6. Bc4 g6 7. Nf3 b5 8.
Bb3 Bg7 9. d4 O-O 10. O-O Na6 11. Ne5 Nc7 12. Qf3 Bc8 13. Nc6 Qd7 14. Nc3 Bb7
15. Bf4 Ncxd5 16. Nxd5 Nxd5 17. Bxd5 e6 18. Ne7+ 1-0

[Event "Offene Hessische Senioren Einzelmeisters"]
[Site "Bad Sooden- Allendorf"]
[Date "2013.04.20"]
[Round "1.10"]
[White "Mewes, Hans-Dieter"]
[Black "Happel, Henk"]
[Result "0-1"]
[WhiteElo "1670"]
[BlackElo "2146"]
[PlyCount "72"]
[EventDate "2013.??.??"]
[WhiteTeam "Stader SV"]
[BlackTeam "Discendo Discimus"]

1. d4 Nf6 2. c4 c5 3. d5 e5 4. Nc3 d6 5. e4 Be7 6. Be2 Nbd7 7. Be3 a6 8. h3 Nf8
9. Qd2 Bd7 10. f4 exf4 11. Bxf4 Ng6 12. Bg3 b5 13. Qd3 bxc4 14. Qxc4 O-O 15.
Qd3 Bb5 16. Qc2 Qb6 17. a4 Bxe2 18. Qxe2 Rab8 19. Rb1 Rfe8 20. Nf3 Nh5 21. Bf2
Nhf4 22. Qc2 Qb3 23. Kd1 Nxg2 24. Qxb3 Rxb3 25. Kc2 Reb8 26. Nd2 R3b4 27. b3
Ne5 28. Na2 R4b7 29. Nc4 Nxc4 30. bxc4 h5 31. Rxb7 Rxb7 32. Rh2 Bf6 33. Nc3 Nf4
34. Bg3 Be5 35. Rh1 Rb4 36. Bxf4 Bxf4 0-1

[Event "Offene Hessische Senioren Einzelmeisters"]
[Site "Bad Sooden- Allendorf"]
[Date "2013.04.20"]
[Round "1.11"]
[White "Van Oosten, Arend"]
[Black "Jung, Prof. Michael"]
[Result "1-0"]
[WhiteElo "2136"]
[BlackElo "1669"]
[PlyCount "55"]
[EventDate "2013.??.??"]
[WhiteTeam "Utrecht"]
[BlackTeam "SV Osnabrück"]

1. e4 Nf6 2. e5 Nd5 3. d4 d6 4. c4 Nb6 5. f4 dxe5 6. fxe5 Bf5 7. Be3 e6 8. Nf3
Bb4+ 9. Nc3 O-O 10. Be2 Nc6 11. O-O Bg6 12. Rc1 Ne7 13. a3 Bxc3 14. Rxc3 c6 15.
Bf2 Nf5 16. g4 Ne7 17. Nh4 Qc7 18. b4 Rad8 19. Rh3 Nd7 20. Qc1 h6 21. Be3 Bh7
22. Bxh6 Nxe5 23. Bxg7 Kxg7 24. Qg5+ N5g6 25. Nxg6 f6 26. Qh6+ Kf7 27. Qxh7+
Ke8 28. Nxf8 1-0

[Event "Offene Hessische Senioren Einzelmeisters"]
[Site "Bad Sooden- Allendorf"]
[Date "2013.04.20"]
[Round "1.12"]
[White "Hesse, Klaus Dieter"]
[Black "Hottes, Dieter"]
[Result "1/2-1/2"]
[WhiteElo "1668"]
[BlackElo "2118"]
[PlyCount "75"]
[EventDate "2013.??.??"]
[WhiteTeam "SK Stadtallendorf"]
[BlackTeam "Stuttgarter SF 1879"]

1. e4 b6 2. d4 Bb7 3. Nc3 e6 4. Nf3 Bb4 5. Bd3 Nf6 6. Qe2 d5 7. e5 Ne4 8. Bd2
Nxd2 9. Qxd2 c5 10. a3 cxd4 11. Nxd4 Bc5 12. Bb5+ Nd7 13. O-O a6 14. Bxd7+ Qxd7
15. Nce2 O-O 16. Rae1 a5 17. f4 Ba6 18. Rf3 f6 19. exf6 gxf6 20. Nc3 Rae8 21.
Kh1 Kh8 22. f5 exf5 23. Nxf5 Rxe1+ 24. Qxe1 d4 25. Qd2 Bb7 26. Rf4 Rg8 27. Ng3
Qg7 28. Nce4 Qh6 29. Rxf6 Qxd2 30. Nxd2 Re8 31. Nf3 Re3 32. h4 d3 33. cxd3 Rxd3
34. Kh2 a4 35. Ne5 Rd2 36. Ng4 Kg8 37. Nh6+ Kh8 38. Nf7+ 1/2-1/2

[Event "Offene Hessische Senioren Einzelmeisters"]
[Site "Bad Sooden- Allendorf"]
[Date "2013.04.20"]
[Round "1.13"]
[White "Weidlich, Günter"]
[Black "Husser, Oskar"]
[Result "1-0"]
[WhiteElo "2116"]
[BlackElo "1664"]
[PlyCount "77"]
[EventDate "2013.??.??"]
[WhiteTeam "SV Dresden-Leuben"]
[BlackTeam "SC Caissa Falkensee e.V."]

1. d4 Nf6 2. Nf3 b5 3. g3 Bb7 4. Bg2 e6 5. O-O c5 6. c3 Qb6 7. Nbd2 cxd4 8.
cxd4 d5 9. a4 Nc6 10. Nb3 a5 11. Bg5 Ne4 12. Be3 Be7 13. Ne5 Nd6 14. axb5 Qxb5
15. Nc5 Nxe5 16. Nxb7 Qxb7 17. dxe5 Nc4 18. Bd4 O-O 19. b3 Nb6 20. Qd3 Rfb8 21.
e4 dxe4 22. Bxe4 Nd5 23. Bxh7+ Kf8 24. Rab1 g6 25. Bxg6 fxg6 26. Qxg6 Qd7 27.
Be3 Bb4 28. Bh6+ Ke7 29. Rfd1 Qe8 30. Bg5+ Kd7 31. Qe4 Qf7 32. Rbc1 Rc8 33. Rc4
Ke8 34. Rd3 Nc3 35. Rdxc3 Bxc3 36. Rxc3 Qd7 37. Rd3 Qf7 38. Rf3 Qg7 39. Qa4+
1-0

[Event "Offene Hessische Senioren Einzelmeisters"]
[Site "Bad Sooden- Allendorf"]
[Date "2013.04.20"]
[Round "1.14"]
[White "Kolkwitz, Klaus"]
[Black "Haubt, Georg"]
[Result "0-1"]
[WhiteElo "1658"]
[BlackElo "2115"]
[PlyCount "96"]
[EventDate "2013.??.??"]
[WhiteTeam "ESV 1949 Eberswalde e.V."]
[BlackTeam "SV Oberursel"]

1. d4 Nf6 2. Bf4 e6 3. e3 c5 4. c3 b6 5. Nd2 Bb7 6. Ngf3 Be7 7. Bd3 d5 8. Ne5
O-O 9. h4 cxd4 10. exd4 Ne4 11. Qe2 f6 12. Ng4 f5 13. Ne5 Nd7 14. Ndf3 Nxe5 15.
Nxe5 a6 16. Bxe4 fxe4 17. Qg4 Rf5 18. g3 b5 19. h5 Bf6 20. Ke2 Qe7 21. Ng6 Qd7
22. Nh4 Bxh4 23. Rxh4 b4 24. Kf1 bxc3 25. bxc3 Qb5+ 26. Qe2 Qa5 27. Qb2 Bc6 28.
Kg2 Rc8 29. Qb4 Qxb4 30. cxb4 Bb5 31. Be5 Rc2 32. Bf4 Be2 33. Be3 Rb2 34. a3
Rxh5 35. Rxh5 Bxh5 36. Rc1 Bf3+ 37. Kh3 Kf7 38. g4 Ra2 39. Rc7+ Kg6 40. Rc6
Rxa3 41. Rxe6+ Kf7 42. Rd6 Be2 43. Rxd5 Rb3 44. Rd7+ Kf6 45. g5+ Kg6 46. Rb7
Bb5 47. Kg4 Rxb4 48. d5 Be2+ 0-1

[Event "Offene Hessische Senioren Einzelmeisters"]
[Site "Bad Sooden- Allendorf"]
[Date "2013.04.20"]
[Round "1.15"]
[White "Schmidt, Gerhard"]
[Black "Aepfler, Gerhard"]
[Result "1-0"]
[WhiteElo "2109"]
[BlackElo "1657"]
[PlyCount "39"]
[EventDate "2013.??.??"]
[WhiteTeam "SC Unterhaching e.V."]
[BlackTeam "TSG Apolda"]

1. d4 d5 2. c4 e5 3. dxe5 d4 4. Nf3 Nc6 5. a3 Bg4 6. Nbd2 f6 7. exf6 Nxf6 8.
Qb3 Rb8 9. g3 Be7 10. Bg2 Nd7 11. O-O Nc5 12. Qd1 a5 13. b4 axb4 14. axb4 Ne6
15. b5 Nb4 16. Nb3 Bxf3 17. Bxf3 O-O 18. Ba3 c5 19. Bxb4 cxb4 20. Bd5 1-0

[Event "Offene Hessische Senioren Einzelmeisters"]
[Site "Bad Sooden- Allendorf"]
[Date "2013.04.20"]
[Round "1.16"]
[White "von Janta, Lothar"]
[Black "Schumacher, Gottfried"]
[Result "0-1"]
[WhiteElo "1656"]
[BlackElo "2100"]
[PlyCount "45"]
[EventDate "2013.??.??"]
[WhiteTeam "SV Berenbostel"]
[BlackTeam "HTC Bad Neuenahr"]

1. c4 Nf6 2. Nc3 d5 3. cxd5 Nxd5 4. Nf3 g6 5. g3 Bg7 6. Bg2 c5 7. O-O Nc6 8.
Qb3 Nc7 9. d3 O-O 10. Bd2 b6 11. a3 e5 12. Rfe1 h6 13. Qd1 Bg4 14. Qc1 Na5 15.
Qc2 Qd7 16. Rad1 Rac8 17. Ne4 Nc6 18. Qc1 f5 19. Nc3 Kh7 20. h3 Bh5 21. Nh2 Nd4
22. Nf1 Ncb5 23. Nxb5 0-1

[Event "Offene Hessische Senioren Einzelmeisters"]
[Site "Bad Sooden- Allendorf"]
[Date "2013.04.20"]
[Round "1.17"]
[White "Liebert, Heinz"]
[Black "Brandt, Fred"]
[Result "1-0"]
[WhiteElo "2098"]
[BlackElo "1652"]
[PlyCount "85"]
[EventDate "2013.??.??"]
[WhiteTeam "USV Volksbank Halle"]
[BlackTeam "SV Königsjäger Süd-West e.V."]

1. c4 e5 2. Nc3 Nf6 3. Nf3 d6 4. g3 Be7 5. Bg2 c6 6. O-O O-O 7. Qc2 Nbd7 8. d4
Qc7 9. b3 Re8 10. Bb2 Nf8 11. Rad1 Ng6 12. Rd2 Bg4 13. h3 Bxf3 14. Bxf3 exd4
15. Rxd4 Rad8 16. Rfd1 Qc8 17. Bg2 h6 18. e3 Nh7 19. R4d2 Ng5 20. h4 Nh7 21.
Ne4 Qe6 22. Ba3 c5 23. Nc3 Qg4 24. Qe4 Qxe4 25. Nxe4 b6 26. Nxd6 Bxd6 27. Rxd6
Rxd6 28. Rxd6 Nhf8 29. Bb2 Ne7 30. g4 f6 31. h5 Kf7 32. Bc3 Rc8 33. f4 Rc7 34.
Kf2 Ke8 35. Be4 Nc8 36. Rd3 Ke7 37. Kf3 Nd6 38. Bd5 Nh7 39. e4 Ne8 40. e5 Rd7
41. Re3 Kf8 42. Be4 Re7 43. Bxh7 1-0

[Event "Offene Hessische Senioren Einzelmeisters"]
[Site "Bad Sooden- Allendorf"]
[Date "2013.04.20"]
[Round "1.18"]
[White "Papenkordt, Karl-Hermann"]
[Black "Knaak, Joachim"]
[Result "0-1"]
[WhiteElo "1648"]
[BlackElo "2085"]
[Annotator ",Microsoft"]
[PlyCount "64"]
[EventDate "2013.??.??"]
[WhiteTeam "SG Witten"]
[BlackTeam "SV Dresden-Leuben"]

1. d4 Nf6 2. c4 e6 3. Nf3 c5 4. d5 exd5 5. cxd5 d6 6. Nc3 g6 7. e4 Bg7 8. Bd3
O-O 9. h3 Re8 10. O-O Na6 11. a3 Nc7 12. Bg5 a6 13. Na4 b5 14. Nb6 Rb8 15. Nxc8
Qxc8 16. Re1 a5 17. Qd2 Qa6 18. a4 c4 19. axb5 Qxb5 20. Rxa5 Qb4 21. Qxb4 Rxb4
22. Bd2 Rxb2 23. Bxc4 $11 Nxe4 24. Re2 Nxd2 25. Rxd2 Rb1+ 26. Kh2 Bc3 27. Ra7
Bxd2 28. Nxd2 Rd1 29. Nf3 Re7 30. Rb7 Kg7 31. Rb6 Rc1 32. Nd2 Rc2 0-1

[Event "Offene Hessische Senioren Einzelmeisters"]
[Site "Bad Sooden- Allendorf"]
[Date "2013.04.20"]
[Round "1.19"]
[White "Hassenrück, Helmut"]
[Black "Klüver, Horst"]
[Result "1-0"]
[WhiteElo "2084"]
[BlackElo "1644"]
[PlyCount "49"]
[EventDate "2013.??.??"]
[WhiteTeam "SG-Gladbeck 19/2"]
[BlackTeam "SV Merkur Hademarschen"]

1. d4 d5 2. Nf3 e6 3. c4 dxc4 4. e3 Nf6 5. Bxc4 Bd7 6. O-O b5 7. Bb3 a6 8. Nbd2
Bc6 9. Ne5 Bb7 10. a4 c6 11. Ndf3 h6 12. Nxf7 Kxf7 13. Ne5+ Ke8 14. Qc2 Qc8 15.
Qg6+ Ke7 16. Bd2 Nbd7 17. Bb4+ c5 18. Qf7+ Kd8 19. Ba5+ Qc7 20. Bxc7+ Kxc7 21.
axb5 Bd5 22. Bxd5 exd5 23. Nxd7 Nxd7 24. Qxd5 Bd6 25. Qc6+ 1-0

[Event "Offene Hessische Senioren Einzelmeisters"]
[Site "Bad Sooden- Allendorf"]
[Date "2013.04.20"]
[Round "1.20"]
[White "Fromme, Werner"]
[Black "Rüberg, Jobst"]
[Result "0-1"]
[WhiteElo "1643"]
[BlackElo "2068"]
[PlyCount "84"]
[EventDate "2013.??.??"]
[WhiteTeam "SG Witten"]
[BlackTeam "SV Ahlen 1954 e.V."]

1. d4 Nf6 2. Nf3 e6 3. c4 b6 4. g3 Ba6 5. Qc2 Bb7 6. Bg2 Bb4+ 7. Bd2 a5 8. O-O
Na6 9. a3 Be7 10. Nc3 O-O 11. e4 d5 12. cxd5 exd5 13. exd5 Nxd5 14. Nxd5 Bxd5
15. Be3 c6 16. Rac1 b5 17. Nd2 Bxg2 18. Kxg2 Rc8 19. Qe4 Qd7 20. Nb3 Rfe8 21.
Qf3 a4 22. Nc5 Nxc5 23. dxc5 Bf6 24. Rc2 Rcd8 25. Rd2 Qe6 26. Rfd1 Rxd2 27.
Rxd2 Rd8 28. Rxd8+ Bxd8 29. Qd1 Bf6 30. Qc2 h5 31. h4 Qd5+ 32. Kg1 g6 33. Kf1
Qc4+ 34. Qxc4 bxc4 35. Bc1 Bd4 36. Ke2 Bxc5 37. Be3 c3 38. bxc3 Bxa3 39. Kd1
Kf8 40. Kc2 Ke7 41. Kb1 Kd6 42. Ka2 Bc5 0-1

[Event "Offene Hessische Senioren Einzelmeisters"]
[Site "Bad Sooden- Allendorf"]
[Date "2013.04.20"]
[Round "1.21"]
[White "van Geffen, Ben"]
[Black "Rüggeberg, Wilhelm"]
[Result "1/2-1/2"]
[WhiteElo "2061"]
[BlackElo "1641"]
[PlyCount "89"]
[EventDate "2013.??.??"]
[WhiteTeam "Messemaker 1847"]
[BlackTeam "Sfr.Saarburg-Trier"]

1. e4 c5 2. Nf3 d6 3. d4 cxd4 4. Nxd4 Nf6 5. Nc3 Nc6 6. Bg5 e6 7. Qd2 h6 8.
Bxf6 Qxf6 9. Ndb5 Qd8 10. O-O-O a6 11. Nxd6+ Bxd6 12. Qxd6 Qxd6 13. Rxd6 Ke7
14. Rd2 b5 15. f4 Bb7 16. Bd3 Rhd8 17. Rhd1 Rac8 18. a3 Na5 19. Be2 Rxd2 20.
Kxd2 Nc4+ 21. Bxc4 Rxc4 22. Ke3 g6 23. Rd4 Rc5 24. g3 f6 25. a4 Bc6 26. axb5
axb5 27. Kd3 e5 28. fxe5 fxe5 29. Rb4 Ke6 30. Nd1 h5 31. Ne3 Bb7 32. b3 Bc6 33.
c4 bxc4+ 34. Nxc4 Bb5 35. Ke3 Kf6 36. Kf3 Ke6 37. Ne3 Bc6 38. Rb8 Rc3 39. b4
Rb3 40. h3 Kd7 41. Rg8 Rxb4 42. Nd5 Rb3+ 43. Kf2 Rb2+ 44. Kf3 Rb3+ 45. Kf2
1/2-1/2

[Event "Offene Hessische Senioren Einzelmeisters"]
[Site "Bad Sooden- Allendorf"]
[Date "2013.04.20"]
[Round "1.22"]
[White "Wieprecht, Gerhard"]
[Black "Franck, Rudolf"]
[Result "0-1"]
[WhiteElo "1639"]
[BlackElo "2057"]
[PlyCount "76"]
[EventDate "2013.??.??"]
[WhiteTeam "SV CAISSA e. V. Kassel"]
[BlackTeam "SC 1875 Ellwangen"]

1. e4 e5 2. Nf3 Nc6 3. Bb5 Nge7 4. c3 a6 5. Ba4 Ng6 6. d3 b5 7. Bb3 Be7 8. O-O
O-O 9. Be3 Na5 10. Bc2 c5 11. Nbd2 d6 12. Nb3 Nc6 13. h3 f5 14. d4 f4 15. Bc1
c4 16. Nbd2 Qb6 17. d5 Na5 18. b3 cxb3 19. axb3 Bd7 20. b4 Nb7 21. Nb3 Nh4 22.
Na5 Rac8 23. Nxb7 Qxb7 24. Nxh4 Bxh4 25. Qf3 Bd8 26. Bd2 Rc7 27. Rac1 Be7 28.
Bb3 Rfc8 29. Qd3 Qb6 30. c4 bxc4 31. Rxc4 Bb5 32. Rxc7 Rxc7 33. Qf3 Qd4 34. Rd1
Qb2 35. g3 fxg3 36. fxg3 Bd8 37. Qh5 Qxb3 38. Qe8+ Bxe8 0-1

[Event "Offene Hessische Senioren Einzelmeisters"]
[Site "Bad Sooden- Allendorf"]
[Date "2013.04.20"]
[Round "1.23"]
[White "Lenk, Wolfgang"]
[Black "Berger, Eduard"]
[Result "1-0"]
[WhiteElo "2054"]
[BlackElo "1637"]
[PlyCount "79"]
[EventDate "2013.??.??"]
[WhiteTeam "USV TU Dresden"]
[BlackTeam "SK Stadtallendorf"]

1. e4 c5 2. Nf3 d6 3. d4 cxd4 4. Nxd4 Nf6 5. Nc3 g6 6. Be3 Bg7 7. f3 a6 8. Qd2
O-O 9. O-O-O Nc6 10. g4 Nxd4 11. Bxd4 Be6 12. h4 Qc7 13. h5 b5 14. hxg6 fxg6
15. Qh2 Rf7 16. e5 dxe5 17. Bxe5 Qc5 18. Kb1 Rc8 19. Ne4 Qe3 20. Be2 Bc4 21.
Bxc4 bxc4 22. Qh3 Re8 23. Rde1 Qb6 24. Ng5 h6 25. Nxf7 Kxf7 26. f4 Qc6 27. g5
hxg5 28. fxg5 Rh8 29. Qf1 Rxh1 30. Qxh1 Qxh1 31. Rxh1 Nh5 32. Bxg7 Nxg7 33. Kc1
Ne6 34. Rf1+ Ke8 35. Kd2 Nxg5 36. Kc3 Ne4+ 37. Kd4 Nd6 38. Kd5 Kd7 39. Rg1 e6+
40. Kd4 1-0

[Event "Offene Hessische Senioren Einzelmeisters"]
[Site "Bad Sooden- Allendorf"]
[Date "2013.04.20"]
[Round "1.24"]
[White "Schütze, Manfred"]
[Black "Zunker, Dr. Reinhard"]
[Result "0-1"]
[WhiteElo "1629"]
[BlackElo "2050"]
[PlyCount "38"]
[EventDate "2013.??.??"]
[WhiteTeam "VfL Gräfenhainichen"]
[BlackTeam "SV 1920 Hofheim"]

1. e4 d6 2. d4 g6 3. Nc3 Bg7 4. Be3 a6 5. Nf3 b5 6. a3 Nf6 7. h3 Bb7 8. Bd3
Nbd7 9. O-O e5 10. d5 O-O 11. Ne2 c6 12. dxc6 Bxc6 13. Nc3 Rc8 14. Nd2 Nc5 15.
b4 Nxd3 16. cxd3 d5 17. exd5 Nxd5 18. Nce4 Nxe3 19. fxe3 Qxd3 0-1

[Event "Offene Hessische Senioren Einzelmeisters"]
[Site "Bad Sooden- Allendorf"]
[Date "2013.04.20"]
[Round "1.25"]
[White "Niebling, Ferdinand"]
[Black "Vladov, Mark"]
[Result "1-0"]
[WhiteElo "2049"]
[BlackElo "1615"]
[PlyCount "57"]
[EventDate "2013.??.??"]
[WhiteTeam "SC Frankfurt-West"]
[BlackTeam "SF Ostsee Warnemünde"]

1. d4 Nf6 2. c4 g6 3. Nc3 Bg7 4. e4 d6 5. f4 O-O 6. Nf3 c5 7. dxc5 dxc5 8. Qxd8
Rxd8 9. e5 Ne8 10. Be3 b6 11. Be2 Nc6 12. O-O Bg4 13. h3 Be6 14. Ng5 Bc8 15.
Bf3 Bb7 16. Nd5 Rd7 17. Rad1 Rad8 18. e6 fxe6 19. Nxe6 Rb8 20. Bg4 h5 21. Nxg7
hxg4 22. Nxe8 Rxe8 23. Nf6+ exf6 24. Rxd7 Ba8 25. Bf2 Re2 26. Re1 Rxe1+ 27.
Bxe1 gxh3 28. gxh3 a6 29. Rc7 1-0

[Event "Offene Hessische Senioren Einzelmeisters"]
[Site "Bad Sooden- Allendorf"]
[Date "2013.04.20"]
[Round "1.26"]
[White "Fritsch, Wolfgang"]
[Black "Just, Fred"]
[Result "0-1"]
[WhiteElo "1613"]
[BlackElo "2044"]
[PlyCount "78"]
[EventDate "2013.??.??"]
[WhiteTeam "SV Empor Bad Langensalza"]
[BlackTeam "SAbt SV Werder Bremen"]

1. e4 c6 2. d4 d5 3. Nc3 dxe4 4. Nxe4 Nd7 5. Nf3 Ngf6 6. Ng3 h5 7. Bc4 Nb6 8.
Bd3 h4 9. Nf5 h3 10. g3 g6 11. Ne3 Bg7 12. c3 Nfd5 13. Qc2 Nxe3 14. Bxe3 Bg4
15. Ng5 Bf6 16. Ne4 Bf3 17. Rg1 Qd5 18. Nd2 O-O-O 19. Nxf3 Qxf3 20. Be2 Qd5 21.
Qb3 Kb8 22. Qxd5 Nxd5 23. Bd2 e5 24. dxe5 Bxe5 25. O-O-O Bd6 26. Bf3 Bc5 27.
Rgf1 Kc8 28. Bg5 Rd7 29. Bxd5 Rxd5 30. Rxd5 cxd5 31. Be3 Bxe3+ 32. fxe3 f5 33.
Kd2 Kd7 34. Kd3 Ke6 35. Kd4 Kf6 36. Rf2 Re8 37. Kd3 Ke5 38. Rf4 g5 39. b3 gxf4
0-1